[Event "San Roque"]
[Site "San Roque"]
[Date "1996.??.??"]
[Round "2"]
[White "Rodriguez Talavera, Juan Carlos"]
[Black "Ehlvest, Jaan"]
[Result "0-1"]
[WhiteElo "2425"]
[BlackElo "2660"]

1.e4 c5 2.c3 e6 3.d4 d5 4.exd5 Qxd5 5.Nf3 Nf6 6.Na3 Qd8 7.Nc4 Be7 8.Nce5 O-O
9.Bd3 cxd4 10.cxd4 b6 11.O-O Bb7 12.Bg5 Nd5 13.Bxe7 Qxe7 14.Rc1 Nd7 15.Qa4 Nxe5
16.dxe5 Nb4 17.Be2 Rfd8 18.Rfd1 Rxd1+ 19.Rxd1 Bc6 20.Qb3 Bd5 21.Bc4 Rc8 22.Bxd5 Nxd5
23.g3 Qc7 24.a3 h6 25.h4 a6 26.Qa4 Qb7 27.Qe4 b5 28.Nd4 Rc4 29.Qe2 Qc7 30.Kh2 Ne7
31.Nf3 Nd5 32.Nd4 Qc5 33.Nb3 Qb6 34.Kg1 Qc7 35.Nd4 Nb6 36.Nf3 Rc2 37.Rd8+ Qxd8
38.Qxc2 Qd5 39.Qe2 Nc4 40.Kg2 a5 41.g4 a4 42.Kg3 g6 43.g5 h5 44.Kf4 Kg7 45.Qc2 Nb6
46.Kg3 Nc4 47.Qe2 Kf8 48.Kg2 Qc6 49.Kg3 Kg7 50.Kg2 Nb6 51.Qd2 Nd5 52.Kg3 Qc4
53.Qd4 Qf1 54.Qc5 Qd3 55.Qd4 Qb1 56.Kg2 Ne7 57.Nd2 Qd1 58.Nf3 Qc2 59.Qd2 Qf5
60.Qd4 Nc6 61.Qc3 Qg4+ 62.Kf1 Ne7 63.Qb4 Qxf3 64.Qxe7 Qh1+ 65.Ke2 Qxh4 66.Qf6+ Kg8
67.Qd8+ Kh7 68.Qf8 Qf4 69.Kd1 Qxf2 70.Kc1 h4 71.Kb1 h3 72.Ka1 h2 73.Ka2 Qf4  0-1

[Event "San Roque"]
[Site "San Roque"]
[Date "1996.??.??"]
[Round "3"]
[White "Ehlvest, Jaan"]
[Black "De la Villa Garcia, Jesus Maria"]
[Result "1-0"]
[WhiteElo "2660"]
[BlackElo "2525"]

1.d4 Nf6 2.Nf3 g6 3.c4 Bg7 4.Nc3 d5 5.cxd5 Nxd5 6.e4 Nxc3 7.bxc3 c5 8.Be3 Qa5
9.Qd2 O-O 10.Rc1 cxd4 11.cxd4 Qxd2+ 12.Nxd2 Nc6 13.d5 Nb4 14.Bc4 Bb2 15.Rb1 Nc2+
16.Ke2 Nxe3 17.Rxb2 Nxg2 18.Kf3 Nh4+ 19.Kg3 g5 20.f4 h6 21.Nf3 Nxf3 22.Kxf3 b6
23.Rg1 Bb7 24.fxg5 Rac8 25.Bb3 Rc3+ 26.Kf4 Kh7 27.gxh6 Kxh6 28.Rbg2 Ba6 29.Rg3 Rxg3
30.Rxg3 f6 31.Bd1 Bc4 32.Kf5 Rc8 33.Bb3 b5 34.Bxc4 bxc4 35.Rc3 Rc7 36.a4 Kg7
37.e5 fxe5 38.Kxe5 Rc8 39.Ke6 Rc7 40.a5  1-0

[Event "San Roque"]
[Site "San Roque"]
[Date "1996.??.??"]
[Round "5"]
[White "Garcia Ilundain, David"]
[Black "Ehlvest, Jaan"]
[Result "0-1"]
[WhiteElo "2550"]
[BlackElo "2660"]

1.d4 g6 2.c4 Bg7 3.Nf3 d6 4.g3 c5 5.Bg2 Nc6 6.dxc5 Qa5+ 7.Nfd2 Qxc5 8.O-O Qh5
9.Ne4 Nf6 10.Nbc3 Nxe4 11.Nxe4 Bh3 12.Ng5 Bxg2 13.Kxg2 Qg4 14.Qd5 O-O 15.Nf3 Rfc8
16.h3 Qd7 17.c5 Rd8 18.Rd1 e6 19.Qd3 d5 20.Rb1 a5 21.b3 Qe7 22.Qb5 e5 23.Bb2 Rd7
24.e3 Rad8 25.a3 Qe6 26.b4 axb4 27.axb4 d4 28.exd4 e4 29.Ng1 Bxd4 30.Ne2 Bxb2
31.Rxd7 Rxd7 32.Rxb2 Qf6 33.Rb1 Qf3+ 34.Kg1 Rd2 35.Re1 e3 36.fxe3 Qxe3+ 37.Kf1 Qf3+
38.Kg1 Qe3+ 39.Kf1 Nd4  0-1

[Event "San Roque"]
[Site "San Roque"]
[Date "1996.??.??"]
[Round "7"]
[White "Campora, Daniel H"]
[Black "Ehlvest, Jaan"]
[Result "0-1"]
[WhiteElo "2540"]
[BlackElo "2660"]

1.e4 c5 2.Nf3 d6 3.d4 cxd4 4.Nxd4 Nf6 5.Nc3 a6 6.Bd3 g6 7.O-O Bg7 8.Kh1 Nc6
9.Nxc6 bxc6 10.f4 Nd7 11.Qe1 a5 12.Be3 a4 13.Rb1 O-O 14.Nd1 Ba6 15.Nf2 Bxd3
16.Nxd3 c5 17.Bd2 Qc7 18.Qh4 Nf6 19.Rbe1 a3 20.e5 axb2 21.exf6 Bxf6 22.Qf2 c4
23.Nb4 c3 24.Nd5 cxd2 25.Qxd2 Qa5 26.Nxf6+ exf6 27.Qd4 Rfb8 28.Rb1 Qxa2 29.h4 Qa4
30.Qc3 Kg7 31.Rxb2 Rxb2 32.Qxb2 Qc4 33.Qc1 Ra2 34.Rf2 Qc3 35.Kh2 Ra1 36.Qd2 Qc4
37.Qe2 Qb4 38.Rf1 Rxf1 39.Qxf1 Qd2 40.c4 h6 41.Kh3 Qc2 42.Kh2 g5 43.hxg5 hxg5
44.fxg5 fxg5 45.Qa1+ Kg8 46.Qd4 Qh7+ 47.Kg3 Qh6 48.Qe3 Kg7 49.c5 dxc5 50.Qxc5 Qh4+
51.Kf3 Qf4+ 52.Ke2 Kg6 53.Qf8 g4 54.Qg8+ Kh5 55.Qh7+ Kg5 56.Qd3 Qe5+ 57.Kd2 Kh4
58.Qh7+ Kg3 59.Qxf7 Qe4  0-1

[Event "San Roque"]
[Site "San Roque"]
[Date "1996.??.??"]
[Round "8"]
[White "Ehlvest, Jaan"]
[Black "Garcia Luque, Agustin"]
[Result "1-0"]
[WhiteElo "2660"]
[BlackElo "2365"]

1.d4 Nf6 2.c4 g6 3.Nc3 Bg7 4.Nf3 O-O 5.Bg5 c5 6.d5 d6 7.e3 Qb6 8.Rb1 Na6
9.Nd2 h6 10.Bh4 g5 11.Bg3 Bf5 12.e4 Nxe4 13.Ncxe4 Bxe4 14.Nxe4 f5 15.Be2 Qa5+
16.Nd2 f4 17.a3 fxg3 18.hxg3 e6 19.dxe6 Nc7 20.Bg4 Rae8 21.O-O Nxe6 22.Ne4 Nd4
23.Nxd6 Re7 24.Bf3 Kh8 25.Bd5 Ne2+ 26.Kh2 Qc7 27.Nb5 Qe5 28.Bf3 a6 29.Re1 Rxf3
30.gxf3 axb5 31.cxb5 g4 32.fxg4 Qe4 33.Qd6 Bd4 34.Rbd1 Rf7 35.f3 Rxf3 36.Rf1 Qxg4
37.Qb8+ Kh7 38.Qxb7+ Kh8 39.Rxf3 Qh5+ 40.Kg2 Nf4+ 41.Rxf4 Qe2+ 42.Kh3 Qh5+
43.Rh4 Qxd1 44.Rxh6+ Kg8 45.Qd5+ Kg7 46.Rb6 Qf1+ 47.Kg4 Qe2+ 48.Qf3 Qe8  1-0

[Event "San Roque"]
[Site "San Roque"]
[Date "1996.??.??"]
[Round "9"]
[White "Gulko, Boris F"]
[Black "Ehlvest, Jaan"]
[Result "1/2-1/2"]
[WhiteElo "2615"]
[BlackElo "2660"]

1.d4 g6 2.e4 d6 3.c4 Bg7 4.Nc3 e5 5.d5 f5 6.exf5 gxf5 7.Qh5+ Kf8 8.Qd1 Na6
9.Nge2 Nf6 10.Ng3 Qe8 11.Be2 Qg6  1/2-1/2

[Event "Rilton Cup 96/97"]
[Site "Stockholm"]
[Date "1996.??.??"]
[Round "2"]
[White "Berg, Klaus"]
[Black "Ehlvest, Jaan"]
[Result "0-1"]
[WhiteElo "2395"]
[BlackElo "2660"]

1.d4 g6 2.e4 Bg7 3.c4 d6 4.Nc3 e5 5.Nge2 Nd7 6.Be3 Ngf6 7.f3 c6 8.d5 cxd5
9.cxd5 a6 10.Nc1 Nh5 11.Nd3 O-O 12.Be2 f5 13.exf5 gxf5 14.O-O Qe8 15.f4 exf4
16.Bc1 Nhf6 17.Nxf4 Nc5 18.Nh5 Nxh5 19.Bxh5 Qe7 20.Bf4 b5 21.Re1 Qf6 22.Qd2 b4
23.Nd1 Ne4 24.Qe2 a5 25.Rc1 Ba6 26.Qe3 Qh4 27.Bf3 Bd4  0-1

[Event "Rilton Cup 96/97"]
[Site "Stockholm"]
[Date "1996.??.??"]
[Round "3"]
[White "Ehlvest, Jaan"]
[Black "Agrest, Evgenij"]
[Result "1/2-1/2"]
[WhiteElo "2660"]
[BlackElo "2475"]

1.Nf3 f5 2.g3 Nf6 3.c4 d6 4.d4 g6 5.Bg2 Bg7 6.O-O O-O 7.Nc3 c6 8.Rb1 Na6
9.d5 Bd7 10.b3 Qe8 11.Bb2 Rd8 12.e3 e5 13.dxe6 Bxe6 14.Nd4 Bc8 15.Qc2 Rf7
16.Rbd1 d5 17.cxd5 Nb4 18.Qe2 Nbxd5 19.Nxd5 Nxd5 20.Nf3 Qe7 21.Bxg7 Kxg7
22.Rd4 Qf8 23.Qc2 Rfd7 24.b4 Nc7 25.Rfd1 Nb5  1/2-1/2

[Event "Rilton Cup 96/97"]
[Site "Stockholm"]
[Date "1996.??.??"]
[Round "5"]
[White "Ehlvest, Jaan"]
[Black "Wedberg, Tom"]
[Result "1/2-1/2"]
[WhiteElo "2660"]
[BlackElo "2480"]

1.d4 Nf6 2.Nf3 e6 3.c4 c5 4.g3 cxd4 5.Nxd4 Qb6 6.Bg2 Bc5 7.e3 Nc6 8.Nc3 Nxd4
9.exd4 Bxd4 10.O-O e5 11.Nb5 O-O 12.Nxd4 exd4 13.b3 d5 14.Bb2  1/2-1/2

[Event "Rilton Cup 96/97"]
[Site "Stockholm"]
[Date "1996.??.??"]
[Round "7"]
[White "Ehlvest, Jaan"]
[Black "Gretarsson, Helgi Ass"]
[Result "1-0"]
[WhiteElo "2660"]
[BlackElo "2465"]

1.c4 Nf6 2.Nf3 c6 3.Nc3 d5 4.e3 a6 5.b3 Bf5 6.Bb2 Nbd7 7.Nh4 Bg6 8.Be2 e6
9.O-O Bd6 10.f4 O-O 11.g4 Ne4 12.Qe1 Be7 13.Nxg6 hxg6 14.g5 Qb6 15.Rf3 f5
16.d3 Nxc3 17.Qxc3 e5 18.fxe5 Bxg5 19.d4 Qd8 20.Raf1 Rc8 21.Rg3 b5 22.Kh1 bxc4
23.Rfg1 Bh6 24.Rxg6 Qh4 25.Qc2 Kh7 26.Bf3 Nb6 27.Ba3 Rf7 28.Bc5 Na8 29.e6 Rf6
30.R6g4 Qh3 31.R4g3 Qh4 32.Rg4 Qh3 33.R4g3 Qh4 34.Be7 Re8 35.Rg4 Qh3 36.R4g3 Qh4
37.Bxf6 Qxf6 38.Rg6 Qxg6 39.Rxg6 Kxg6 40.Bg4  1-0

[Event "Rilton Cup 96/97"]
[Site "Stockholm"]
[Date "1996.??.??"]
[Round "9"]
[White "Ehlvest, Jaan"]
[Black "Djurhuus, Rune"]
[Result "1/2-1/2"]
[WhiteElo "2660"]
[BlackElo "2505"]

1.d4 Nf6 2.c4 g6 3.Nc3 Bg7 4.e4 d6 5.f3 O-O 6.Be3 e5 7.Nge2 c6 8.Qd2 Nbd7
9.d5 cxd5 10.cxd5 a6 11.g4 h5 12.h3 Nh7 13.Rg1 b5 14.gxh5 Qh4+ 15.Ng3 Ndf6
16.hxg6 fxg6 17.O-O-O Bd7 18.Kb1 Kh8 19.Qg2 Rf7 20.Nh1 Bh6 21.Bf2 Qg5 22.Qh2 Qh5
23.Ng3 Bf4 24.Qg2 Qh6 25.a3 Rg8 26.Rh1 Nh5 27.h4 Be3 28.Be2 N7f6 29.Bxe3 Qxe3
30.Nxh5 gxh5 31.Qf1 Rfg7 32.Qe1 Nh7 33.Qd2 Qxd2 34.Rxd2 Nf8 35.f4 exf4 36.Rf1 Rf7
37.Bxh5 Rh7 38.Bd1 Rxh4 39.Rdf2 Ng6 40.Ne2 Rf8 41.Nd4 Kg7 42.Bc2 Ne5 43.a4 bxa4
44.Ne6+ Bxe6 45.dxe6 f3 46.Bxa4 Kf6 47.Rxf3+ Nxf3 48.Rxf3+ Ke7 49.Rxf8 Kxf8
50.Bc6 Ke7 51.Bd5 Rh6  1/2-1/2

[Event "Tallinn rapid"]
[Site "Tallinn"]
[Date "1996.??.??"]
[Round "1"]
[White "Maidla, Vallo"]
[Black "Ehlvest, Jaan"]
[Result "1-0"]
[WhiteElo "2370"]
[BlackElo "2660"]

1.e4 g6 2.d4 Bg7 3.Nf3 d6 4.h3 Nd7 5.Bd3 e5 6.c3 Ngf6 7.O-O O-O 8.Nfd2 a5
9.Qc2 h6 10.Rd1 Nh7 11.Nc4 Re8 12.Be3 Qe7 13.dxe5 dxe5 14.a4 Ndf8 15.Bf1 b6
16.Nba3 Bb7 17.Nb5 Nf6 18.Nd2 Ne6 19.f3 h5 20.Nc4 Nh7 21.Bf2 h4 22.Ne3 Nf4
23.Nd5 Nxd5 24.exd5 Rad8 25.c4 Bf8 26.Rd2 Ba6 27.d6 cxd6 28.Bxb6 Rd7 29.Bxa5 Bh6
30.Rd3 Nf6 31.Re1 Rc8 32.Bb4 Qd8 33.b3 Bf4 34.Red1 d5 35.c5 e4 36.fxe4 Nxe4
37.Rf3 Be5 38.Rxd5 Rxd5 39.Qxe4 Bg3 40.Nd6 Bxd6 41.cxd6 Qb6+ 42.Kh2 Rd4 43.Qe7 Qxb4
44.Qxf7+ Kh8 45.Qf6+ Kh7 46.Bxa6 Rg8 47.Bc4 Rg7 48.Qxd4  1-0

[Event "Tallinn rapid"]
[Site "Tallinn"]
[Date "1996.??.??"]
[Round "3"]
[White "Ehlvest, Jaan"]
[Black "Rytshagov, Mikhail"]
[Result "1-0"]
[WhiteElo "2660"]
[BlackElo "2495"]

1.e4 c5 2.Nf3 d6 3.d4 cxd4 4.Nxd4 Nf6 5.Nc3 e6 6.Be3 a6 7.g4 h6 8.f4 Nc6
9.h3 Be7 10.Bg2 Qc7 11.Qd2 Nxd4 12.Bxd4 e5 13.Be3 exf4 14.Bxf4 Be6 15.O-O-O Rd8
16.Kb1 Qa5 17.Rhe1 Rd7 18.Bf3 Nh7 19.Qh2 O-O 20.h4 Bf6 21.Nd5 Bxd5 22.exd5 Qb4
23.Bc1 Be5 24.Qg2 Re8 25.g5 Kh8 26.Re4 Qb6 27.gxh6 gxh6 28.Qg4 Rde7 29.Rxe5 Rxe5
30.Rg1 Qxg1 31.Qxg1 Re1 32.Qd4+ f6 33.b3 Rf1 34.Bg2 Rfe1 35.Kb2 Kg7 36.Qg4+ Kh8
37.Bxh6 Rg8 38.Qf3 Rg1 39.Bh3 R1g3 40.Qf5 Rd8 41.Bf1  1-0

[Event "Tallinn rapid"]
[Site "Tallinn"]
[Date "1996.??.??"]
[Round "5"]
[White "Ehlvest, Jaan"]
[Black "Malisauskas, Vidmantas"]
[Result "1-0"]
[WhiteElo "2660"]
[BlackElo "2530"]

1.e4 c5 2.Nf3 d6 3.d4 cxd4 4.Nxd4 Nf6 5.Nc3 a6 6.Be3 e6 7.g4 h5 8.gxh5 Nbd7
9.Bg2 Nxh5 10.Qd2 Ne5 11.b3 Be7 12.h3 g5 13.O-O-O Nf4 14.Bf1 Bd7 15.Nce2 Neg6
16.Kb1 Qc7 17.Rg1 O-O-O 18.Nf3 Nxe2 19.Bxe2 f6 20.Nd4 e5 21.Nf5 Bc6 22.Bg4 Kb8
23.f3 d5 24.exd5 Rxd5 25.Qc3 Rxd1+ 26.Rxd1 Nf4 27.Nxe7 Qxe7 28.Qa5 Qf7 29.Rd8+  1-0

[Event "Tallinn rapid"]
[Site "Tallinn"]
[Date "1996.??.??"]
[Round "6"]
[White "Shirov, Alexei"]
[Black "Ehlvest, Jaan"]
[Result "1/2-1/2"]
[WhiteElo "2690"]
[BlackElo "2660"]

1.e4 e6 2.d4 d5 3.Nc3 dxe4 4.Nxe4 Nd7 5.g3 Be7 6.Bg2 Ngf6 7.Nxf6+ Bxf6 8.Nf3 O-O
9.O-O e5 10.Re1 exd4 11.Nxd4 Nb6 12.Nb5 Bd7 13.Qd3 Re8 14.Bf4 Bxb5 15.Qxb5 c6
16.Qb3 Rxe1+ 17.Rxe1 Qd7 18.a4 Rd8 19.Be3 Qc7 20.c3 Nc8 21.a5 a6 22.Bf4 Qd7
23.h4 Ne7 24.Bf3 Qc8 25.Rd1 Ng6 26.Be3 Ne5 27.Be2 Rxd1+ 28.Qxd1 Be7 29.f4 Ng6
30.Bg4 f5 31.Bh3 Qe6 32.Qd3 Qa2 33.Bxf5 Qa1+ 34.Qb1 Qxa5 35.Qe4 Kf8 36.h5 Bc5
37.hxg6 Bxe3+ 38.Kh2 h6 39.Be6 Qh5+ 40.Kg2 Qe2+ 41.Kh3 Qh5+ 42.Kg2 Qe2+  1/2-1/2

[Event "Vlissingen op"]
[Site "Vlissingen"]
[Date "1996.??.??"]
[Round "7"]
[White "Ehlvest, Jaan"]
[Black "Kogan, Artur"]
[Result "1/2-1/2"]
[WhiteElo "2660"]
[BlackElo "2475"]

1.d4 Nf6 2.Nf3 e6 3.c4 b6 4.e3 Bb7 5.Bd3 d5 6.O-O Nbd7 7.b3 Bd6 8.Nc3 Ne4
9.Nb5 Be7 10.cxd5 exd5 11.Qc2 c6 12.Nc3 Nxc3 13.Qxc3 O-O 14.Bb2 Bf6 15.Qc2 g6
16.Rac1 Rc8 17.Rfd1 Qe7 18.Qe2 Rc7 19.Rc2 c5 20.Ba6 Bxa6 21.Qxa6 Qe4 22.Rdc1 Rfc8
23.h3 Qe6 24.Qb5 h6 25.a4 Kh7 26.Ba3 Be7 27.Bb2 Bf6 28.Qe2 Rc6 29.Qd1 Bg7
30.Rd2 c4 31.Rdc2 cxb3 32.Rxc6 Rxc6 33.Qxb3 Rxc1+ 34.Bxc1 Qc6 35.Ba3 a6 36.Nd2 f5
37.g3 Nf6 38.Kg2 Ne4 39.Nxe4 fxe4 40.Qb4 Qf6 41.Kg1 h5 42.h4 Qc6 43.a5 bxa5
44.Qxa5 Qb7 45.Bd6 Qc6 46.Qc5 Qb7 47.Kg2 Qf7 48.Bf4 Bh6 49.Qb6 Bxf4 50.exf4 Qg7
51.Qxa6 Qxd4 52.Qe6 Qd3 53.Qf7+ Kh6 54.Qg8 Qf3+ 55.Kg1 Qd1+ 56.Kh2 Qd4 57.Kg2 e3
58.fxe3 Qe4+ 59.Kh2 Qc2+ 60.Kh3 Qf5+ 61.Kh2 Qc2+  1/2-1/2

[Event "Yerevan"]
[Site "Yerevan"]
[Date "1996.??.??"]
[Round "6"]
[White "Minasian, Artashes"]
[Black "Ehlvest, Jaan"]
[Result "0-1"]
[WhiteElo "2580"]
[BlackElo "2660"]

1.e4 c5 2.Nf3 e6 3.d4 cxd4 4.c3 dxc3 5.Nxc3 Nc6 6.Bc4 a6 7.O-O Nge7 8.Bg5 h6
9.Bh4 d6 10.Qe2 Qa5 11.a3 Ng6 12.b4 Qc7 13.Bg3 Be7 14.Rac1 O-O 15.Ba2 Qb8
16.Nd2 Bd7 17.f4 Bf6 18.Qh5 b5 19.e5 dxe5 20.Nce4 Bd8 21.fxe5 Ncxe5 22.Nc5 Bc6
23.Nxe6 Bb6+ 24.Nc5 Qd8 25.Nb3 Nc4 26.Kh1 Ra7 27.Bb1 Re7 28.Rf2 Qe8 29.Rcf1 Ne3
30.Rg1 Ne5 31.Nd4 Ba8 32.Nf5 Nxf5 33.Qxf5 g6 34.Qh3 h5 35.Bxe5 Rxe5 36.Nd7 Re6
37.Nf6+ Rxf6 38.Rxf6 Bxg1 39.Kxg1 Qe5 40.Qh4 Qb2  0-1

[Event "Yerevan"]
[Site "Yerevan"]
[Date "1996.??.??"]
[Round "9"]
[White "Ehlvest, Jaan"]
[Black "Lputian, Smbat G"]
[Result "1/2-1/2"]
[WhiteElo "2660"]
[BlackElo "2580"]

1.d4 e6 2.Nf3 d5 3.c4 Nf6 4.Nc3 Be7 5.Qc2 c5 6.dxc5 Na6 7.cxd5 Nxd5 8.e4 Ndb4
9.Qa4+ Bd7 10.Qd1 Nxc5 11.a3 Nc6 12.Be3 a5 13.Bb5 O-O 14.O-O Qc7 15.Rc1 Rfd8
16.Qe2 Ne5 17.Nxe5 Qxe5 18.f4 Qb8 19.e5 b6 20.b4 axb4 21.axb4 Bxb5 22.Nxb5 Na6
23.Rc6  1/2-1/2

[Event "Yerevan"]
[Site "Yerevan"]
[Date "1996.??.??"]
[Round "11"]
[White "Epishin, Vladimir"]
[Black "Ehlvest, Jaan"]
[Result "0-1"]
[WhiteElo "2645"]
[BlackElo "2660"]

1.d4 g6 2.c4 Bg7 3.e4 d6 4.Nf3 e5 5.Nc3 exd4 6.Nxd4 Ne7 7.Be3 O-O 8.h4 c5
9.Nb3 Nbc6 10.Qd2 Be6 11.h5 Nc8 12.O-O-O a5 13.Bh6 Bh8 14.Qe3 Qe7 15.Nd5 Bxd5
16.hxg6 Bxe4 17.Bxf8 Kxf8 18.gxf7 a4 19.Nxc5 dxc5 20.Bd3 Bxd3 21.Qxd3 Qf6
22.Rd2 N8e7 23.Qxh7 Bg7 24.a3 Nd4 25.Kb1 Kxf7 26.Qh5+ Qg6+ 27.Ka2 Qxh5 28.Rxh5 b6
29.Rd3 Ng6 30.Rg3 Nf4 31.Rh4 Nfe6 32.Rh7 Rb8 33.Rg4 b5 34.cxb5 Rxb5  0-1

[Event "Villa Martelli"]
[Site "Villa Martelli"]
[Date "1997.06.01"]
[Round "1"]
[White "Milos, Gilberto"]
[Black "Ehlvest, Jaan"]
[Result "0-1"]
[WhiteElo "2605"]
[BlackElo "2635"]

1.e4 c5 2.Nf3 e6 3.d4 cxd4 4.Nxd4 a6 5.Bd3 Bc5 6.Nb3 Ba7 7.Nc3 Nc6 8.O-O Nf6
9.Kh1 d6 10.Qe2 b5 11.Bg5 h6 12.Bd2 Bb7 13.f4 h5 14.Be3 b4 15.Nd1 h4 16.Nf2 Bxe3
17.Qxe3 Qc7 18.Rac1 e5 19.c3 exf4 20.Qxf4 Ne5 21.Bb1 bxc3 22.Nd4 Qd8 23.Rxc3 g6
24.Bc2 Rc8 25.Nh3 Rxc3 26.bxc3 Nfd7 27.Ng5 Qe7 28.Bb3 h3 29.Nxh3 Rh4 30.Qd2 Rxe4
31.Ng5 Rg4 32.Ngf3 Nc5 33.Nxe5 Nxb3 34.axb3 Rxg2  0-1

[Event "Villa Martelli"]
[Site "Villa Martelli"]
[Date "1997.06.02"]
[Round "2"]
[White "Rodriguez, Andres"]
[Black "Ehlvest, Jaan"]
[Result "1/2-1/2"]
[WhiteElo "2565"]
[BlackElo "2635"]

1.e4 g6 2.d4 Bg7 3.Nc3 c6 4.Be2 d5 5.Nf3 dxe4 6.Nxe4 Nd7 7.O-O Ngf6 8.Nxf6+ Nxf6
9.c3 O-O 10.Re1 Qc7 11.Bf1 a5 12.Bg5 a4 13.Qc1 Bg4 14.Ne5 Be6 15.Bh6 Ra5
16.Bxg7 Kxg7 17.Nd3 Bf5 18.Qf4 Qxf4 19.Nxf4 g5 20.Nd3 Bxd3 21.Bxd3 e6 22.Bc2 Rd8
23.Rad1 h6 24.h4 g4 25.g3 Nd7 26.Re4 h5 27.Re2 Nf6 28.Kf1 Rd6 29.Rd3 Nd7
30.Ke1 c5 31.dxc5 Rxd3 32.Bxd3 Nxc5 33.Bb1 f5 34.Kd1 Kf6 35.Rd2 Rb5 36.Kc1 a3
37.bxa3 Na4 38.c4 Re5 39.Bc2 Nc5 40.Kb2 Re1 41.Kc3 Ke5 42.Kb4 Ne4 43.Rd7 Nxf2
44.Rxb7 f4 45.gxf4+ Kf6 46.Rh7 g3 47.Rh6+ Ke7 48.Rh7+ Kf8 49.Rh8+ Kf7 50.Rh7+ Kg8
51.Rh6 Re2 52.Rg6+ Kf7 53.Rxg3 Rxc2 54.a4 Ne4 55.Re3 Nd6 56.Rc3 Rxa2 57.a5 Ke7
58.c5 Ne4 59.Rc4 Nf6 60.Kb5 Kd7 61.Rd4+ Kc8 62.Kc6 Ne8 63.Rd7 Rxa5 64.Rh7 Ra6+
65.Kb5 Ra1 66.Rh8 Kd7 67.Rh7+ Kd8 68.Rxh5 Nc7+ 69.Kc6 Nd5 70.Kd6 Nf6 71.Rh8+ Ne8+
72.Kxe6 Re1+ 73.Kd5 Re7 74.c6 Kc7 75.Rh6 Kb6 76.f5 Nc7+ 77.Kd6 Re1 78.Kd7 Rd1+
79.Rd6 Rf1 80.f6 Rf5 81.Ke7 Re5+ 82.Kf7 Kc5 83.Rd1 Kxc6 84.Kg6 Re2 85.h5 Rg2+
86.Kh6 Rf2 87.Kg6 Ne8 88.Rc1+ Kd7 89.Rd1+ Kc6 90.Re1 Rxf6+ 91.Kg5 Rf8 92.h6 Rg8+
93.Kf5 Nd6+ 94.Kf6 Rg2 95.h7 Rh2 96.Kg7 Nf5+ 97.Kg8 Nh6+ 98.Kf8 Nf5 99.Kg8 Nh6+  1/2-1/2

[Event "Villa Martelli"]
[Site "Villa Martelli"]
[Date "1997.06.08"]
[Round "8"]
[White "Ricardi, Pablo"]
[Black "Ehlvest, Jaan"]
[Result "0-1"]
[WhiteElo "2575"]
[BlackElo "2635"]

1.e4 c5 2.Nf3 Nc6 3.d4 cxd4 4.Nxd4 Nf6 5.Nc3 d6 6.Bc4 e6 7.Bb3 Be7 8.Be3 O-O
9.Qe2 Nd7 10.O-O a6 11.Rad1 Nxd4 12.Bxd4 b5 13.Rd3 b4 14.Na4 Bb7 15.e5 dxe5
16.Bxe5 Qc8 17.Bxg7 Kxg7 18.Bxe6 fxe6 19.Qxe6 Rf7 20.Rg3+ Kf8 21.Nb6 Nxb6
22.Qh6+ Ke8 23.Qxb6 Qc6 24.Qe3 Qf6 25.Re1 Rd8 26.Rg8+ Rf8 27.Rg4 Rd7 28.Rxb4 Qg6
29.Qh3 Kd8 30.Rg4 Qxc2 31.Qg3 Qc7 32.Qb3 Qc5 33.Rf1 h5 34.Rg8 Rxg8 35.Qxg8+ Kc7
36.Qg3+ Bd6 37.Qg6 Qc6 38.Kh1 Kb8 39.Qg8+ Ka7 40.Qg5  0-1

[Event "Villa Martelli"]
[Site "Villa Martelli"]
[Date "1997.06.11"]
[Round "11"]
[White "Ehlvest, Jaan"]
[Black "Slipak, Sergio"]
[Result "1-0"]
[WhiteElo "2635"]
[BlackElo "2505"]

1.d4 Nf6 2.c4 e6 3.Nc3 Bb4 4.e3 b6 5.Bd3 Bb7 6.Nf3 O-O 7.O-O d5 8.cxd5 exd5
9.a3 Bd6 10.b4 Nbd7 11.Qb3 Re8 12.a4 c6 13.Ba3 Nf8 14.Ne2 Ne4 15.Ng3 Qd7
16.Rfd1 f5 17.Bb2 Ng6 18.a5 Rab8 19.axb6 axb6 20.Ra7 Kh8 21.b5 Bxg3 22.hxg3 c5
23.dxc5 bxc5 24.Bc4 dxc4 25.Rxd7 cxb3 26.Rxg7 c4 27.Rgxb7+ c3 28.Rxh7+ Kg8
29.Rag7+ Kf8 30.Ba3+ Re7 31.Rxg6 Rb7 32.Ne5  1-0

[Event "Rubinstein mem 34th"]
[Site "Polanica Zdroj"]
[Date "1997.08.28"]
[Round "9"]
[White "Aleksandrov, Aleksej"]
[Black "Ehlvest, Jaan"]
[Result "1/2-1/2"]
[WhiteElo "2660"]
[BlackElo "2610"]

1.d4 e6 2.c4 Bb4+ 3.Nc3 b6 4.e3 Nf6 5.Ne2 Ne4 6.Bd2 Nxd2 7.Qxd2 O-O 8.a3 Be7
9.Nf4 d6 10.Be2 Bb7 11.O-O Nd7 12.Rfd1 Bg5 13.b4 Qe7 14.Rac1 Bh6 15.Bf1 g6
16.Qc2 c6  1/2-1/2

[Event "Biel op MTO"]
[Site "Biel"]
[Date "1997.??.??"]
[Round "1"]
[White "Ehlvest, Jaan"]
[Black "Georges, Sacha"]
[Result "1-0"]
[WhiteElo "2610"]
[BlackElo "2300"]

1.d4 Nf6 2.c4 g6 3.Nc3 Bg7 4.e4 d6 5.f3 O-O 6.Be3 c6 7.Bd3 a6 8.a4 a5 9.Qd2 e5
10.Nge2 Na6 11.Rd1 exd4 12.Nxd4 Nc5 13.Bc2 Qb6 14.Nde2 Be6 15.b3 Rad8 16.O-O Rfe8
17.Nd4 Qb4 18.Na2 Qa3 19.Nc1 Qb4 20.Na2 Qa3 21.Ra1 Nfd7 22.Rfd1 Ne5 23.Qf2 Ncd7
24.h3 d5 25.cxd5 cxd5 26.exd5 Bxd5 27.Nc3 Qc5 28.Nxd5 Qxd5 29.Be4 Qd6 30.Nc6 Nxc6
31.Rxd6 Bxa1 32.Bxc6 bxc6 33.Bd4 Nf6 34.Rxd8 Rxd8 35.Bxa1 Rd1+ 36.Kh2 Rxa1
37.Qd4  1-0

[Event "Biel op MTO"]
[Site "Biel"]
[Date "1997.??.??"]
[Round "2"]
[White "Reschke, Stefan"]
[Black "Ehlvest, Jaan"]
[Result "1/2-1/2"]
[WhiteElo "2415"]
[BlackElo "2610"]

1.d4 g6 2.Nf3 Bg7 3.g3 c5 4.c4 cxd4 5.Nxd4 Qc7 6.e3 Nf6 7.Nc3 O-O 8.b3 d5
9.Ndb5 Qd8 10.Bb2 a6 11.Nd4 dxc4 12.Bxc4 b5 13.Be2 e5 14.Nc2 Bb7 15.Qxd8 Rxd8
16.f3 Nc6 17.Rc1 e4 18.Nxe4 Nxe4 19.Bxg7 Kxg7 20.fxe4 Ne5 21.Nd4 Bxe4 22.O-O Rac8
23.Kf2 h5 24.h4 Bb7 25.Rfd1 Kf6 26.a3 Ke7 27.Ke1 Nd7 28.b4 Nf6 29.Bd3 Ng4
30.Kd2 Nf2 31.Rf1 Nxd3 32.Kxd3 Bd5 33.Rxc8 Rxc8 34.Ra1 Kd6 35.e4 Bc4+ 36.Ke3 Be6
37.Rd1 Ke5 38.Nf3+ Kf6 39.Rd6 Rc3+ 40.Rd3 Rc1 41.Rd6 Rc3+ 42.Rd3 Rc6 43.e5+ Ke7
44.Nd4 Rc1 45.Nxe6 Kxe6 46.Rd6+ Kxe5 47.Rxa6 Rc3+ 48.Kf2 Ke4 49.Kg2 Rc2+
50.Kh3 Rf2 51.a4 bxa4 52.Rxa4 Rb2 53.b5+ Ke3 54.Ra7 f6 55.Ra6 g5 56.hxg5 fxg5
57.Re6+ Kf2 58.Re5 Kg1 59.Re1+ Kf2 60.Re5  1/2-1/2

[Event "Biel op MTO"]
[Site "Biel"]
[Date "1997.??.??"]
[Round "7"]
[White "Ehlvest, Jaan"]
[Black "Genba, Vladimir"]
[Result "1-0"]
[WhiteElo "2610"]
[BlackElo "2415"]

1.d4 d6 2.e4 Nf6 3.f3 e5 4.dxe5 dxe5 5.Qxd8+ Kxd8 6.Bc4 Ke8 7.Nd2 Nbd7 8.Ne2 Nb6
9.Bd3 Nfd7 10.Nc4 Nxc4 11.Bxc4 Bc5 12.Bd2 Nb6 13.Bb3 Ke7 14.f4 Nd7 15.Rf1 Bd6
16.Ng3 g6 17.fxe5 Nxe5 18.Bg5+ Kd7 19.O-O-O a5 20.Ba4+ c6 21.Rf6  1-0

[Event "Biel op MTO"]
[Site "Biel"]
[Date "1997.??.??"]
[Round "9"]
[White "Tischbierek, Raj"]
[Black "Ehlvest, Jaan"]
[Result "0-1"]
[WhiteElo "2515"]
[BlackElo "2610"]

1.e4 c5 2.Nf3 d6 3.d4 cxd4 4.Nxd4 Nf6 5.Nc3 a6 6.Bg5 Nc6 7.Qd2 e6 8.O-O-O h6
9.Be3 Be7 10.f4 Bd7 11.Bd3 b5 12.h3 Nxd4 13.Bxd4 Bc6 14.Kb1 b4 15.Ne2 a5
16.Ng3 h5 17.Qe2 h4 18.Bxf6 gxf6 19.Nh5 Qb6 20.f5 Qc5 21.Nf4 e5 22.Nd5 Bxd5
23.exd5 Bd8 24.Rhf1 Kf8 25.Bb5 Rb8 26.Ba4 Bb6 27.Rf3 Ke7 28.Rf4 Qe3 29.Re4 Qxe2
30.Rxe2 Rh5 31.Rf1 Bc5 32.Rf3 Rg8 33.a3 bxa3 34.bxa3 Rgg5 35.Rb3 Rxf5 36.Rb8 Rf1+
37.Ka2 f5 38.Ra8 Rg5 39.Rxa5 Rg3 40.Rxc5 dxc5 41.Rxe5+ Kd6 42.Re8 Kxd5 43.Rd8+ Ke5
44.Bc6 Kf4 45.Rd2 Re1 46.a4 Re6 47.Bd7 Rf6 48.Bb5 Ke3 49.Rd3+ Kf2 50.Rd2+ Ke3
51.Rd3+ Kf2 52.Rd2+ Kg1 53.a5 Rxg2 54.Rxg2+ Kxg2 55.a6 Rxa6+ 56.Bxa6 f4 57.Kb3 f3
58.Kc4 f2 59.Kxc5 Kxh3 60.Kd4 Kg2 61.Ke3 h3  0-1

[Event "Goodricke op"]
[Site "Calcutta"]
[Date "1997.??.??"]
[Round "1"]
[White "Gokhale, CS."]
[Black "Ehlvest, Jaan"]
[Result "1/2-1/2"]
[WhiteElo "2360"]
[BlackElo "2635"]

1.d4 g6 2.g3 Bg7 3.Bg2 c5 4.d5 d6 5.Nc3 Nd7 6.Nf3 Rb8 7.a4 a6 8.a5 b5 9.axb6 Nxb6
10.O-O Nf6 11.e4 O-O 12.Re1 Ng4 13.h3 Ne5 14.Nxe5 Bxe5 15.Bf1 f5 16.f4 Bd4+
17.Be3 Bg7 18.exf5 Rxf5 19.g4 Rf7 20.Qd3 Na8 21.Rab1 Nc7 22.Bg2 a5 23.Qd2 Bd7
24.Ne4 a4 25.Ng5 Rf8 26.c3 a3 27.bxa3 Nb5 28.c4 Nxa3 29.Rxb8 Qxb8 30.Qd3 Qb2
31.Bf1 Ra8 32.Bc1 Bd4+ 33.Be3 Bf6 34.Re2 Qb1 35.Rd2 Qxd3 36.Bxd3 Rb8 37.Ne4 Bg7
38.Kf2 Rb4 39.Nxc5 dxc5 40.Bxc5 Rb3 41.Bxe7 Kf7 42.Bd6 Bc3 43.Ra2 Bd4+ 44.Ke2 Nb1
45.Bxb1 Rxb1 46.Kd3 Rd1+ 47.Rd2 Rxd2+ 48.Kxd2 h5 49.f5 hxg4  1/2-1/2

[Event "Goodricke op"]
[Site "Calcutta"]
[Date "1997.??.??"]
[Round "2"]
[White "Ehlvest, Jaan"]
[Black "Sahu, Sekhar Chandra"]
[Result "1-0"]
[WhiteElo "2635"]
[BlackElo "2320"]

1.d4 Nf6 2.Nf3 e6 3.c4 b6 4.e3 Bb7 5.Bd3 Bb4+ 6.Bd2 a5 7.Nc3 O-O 8.O-O d6
9.Re1 e5 10.d5 Nbd7 11.e4 h6 12.a3 Bxc3 13.Bxc3 a4 14.Bc2 Nc5 15.Bb4 Nfd7
16.Re3 Qe7 17.Nd2 Ba6 18.Bxc5 Nxc5 19.Bxa4 Nxa4 20.Qxa4 f5 21.exf5 Rxf5 22.Rae1 Qf7
23.Ne4 b5 24.cxb5 Bb7 25.Qc2 Bxd5 26.Rc3 Rf4 27.f3 Rf8 28.Rxc7 Qg6 29.Ng3 Qxc2
30.Rxc2 Rb8 31.Rd2 Rd4 32.Rxd4 exd4 33.Nf5 Bc4 34.Nxd4  1-0